000 00422nam a2200133Ia 4500
008 100328s9999 xx 000 0 und d
082 _b29404
100 _aकेळकर न. चि.
245 _aमुलांचे लोकमान्य
260 _bसुरुची
630 _aमुलांचे लोकमान्य
730 _aमुलांचे लोकमान्य
942 _cBOOK
999 _c520436
_d520433